Catálogo

EDUCAR PARA EL SIGLO XXI : (Registro nro. 47061)

Detalles MARC
000 -LEADER
fixed length control field 01078nam a2200205 a 4500
001 - CONTROL NUMBER
control field 47061
005 - DATE AND TIME OF LATEST TRANSACTION
control field 20180714030854.0
008 - FIXED-LENGTH DATA ELEMENTS--GENERAL INFORMATION
fixed length control field 140415s2003 sp 000 0 spa d
020 ## - INTERNATIONAL STANDARD BOOK NUMBER
International Standard Book Number 8483163039
041 ## - LANGUAGE CODE
Language code of text/sound track or separate title spa
082 ## - DEWEY DECIMAL CLASSIFICATION NUMBER
Classification number 370.11
Item number BEL
100 1# - MAIN ENTRY--PERSONAL NAME
Personal name BELTRAN, JESUS A.
245 10 - TITLE STATEMENT
Title EDUCAR PARA EL SIGLO XXI :
Remainder of title CRECER, PENSAR Y CONVIVIR EN FAMILIA
250 ## - EDITION STATEMENT
Edition statement 2a ed.
260 ## - PUBLICATION, DISTRIBUTION, ETC.
Place of publication, distribution, etc. ESPAÑA :
Name of publisher, distributor, etc. CCS,
Date of publication, distribution, etc. 2003
300 ## - PHYSICAL DESCRIPTION
Extent 514
Dimensions 17.1 x 1.3 x 24
520 ## - SUMMARY, ETC.
Summary, etc. NUESTRO PROPÓSITO AL ESCRIBIR ESTE LIBRO HA SIDO OFRECER ALGUNOS CONOCIMIENTOS QUE PERMITAN A LOS PADRES ENTENDER MEJOR A SUS HIJOS Y, UNA VEZ QUE HAYAN LOGRADO ENTENDERLOS , DESCUBRAN POR SÍ MISMOS LAS ESTRATEGIAS EDUCATIVAS ADECUADAS PARA TRADUCIR ESE CONOCIMIENTO EN ACCIÓN. NO CABE DUDA DE QUE LOS PADRES SON LOS VERDADEROS EDUCADORES DE SUS HIJOS, LOS EDUCADORES NATOS, LOS POR AFINIDAD NATURAL CONOCEN MEJOR QUE NADIE LOS MECANISMOS ADECUADOS QUE ES NECESARIO PONER EN MARCHA PARA
650 14 - SUBJECT ADDED ENTRY--TOPICAL TERM
Topical term or geographic name entry element EDUCACION FAMILIAR
General subdivision EDUCACION NO FORMAL
-- ETICA SOCIAL
700 1# - ADDED ENTRY--PERSONAL NAME
Personal name PEREZ, LUZ F.
Relator term coaut.
Existencias
Withdrawn status Lost status Source of classification or shelving scheme Damaged status Not for loan Collection code Home library Current library Shelving location Date acquired Source of acquisition Inventory number Total Checkouts Full call number Barcode Date last seen Date last checked out Price effective from Koha item type
    Dewey Decimal Classification     General Biblioteca Karol Wojtyla Biblioteca Karol Wojtyla Sala general 03/12/2013 Compra 151000000000000000044026 3 370.11 BEL 70523 05/01/2026 09/09/2023 16/02/2016 Libro